|
|
|
|
| LEADER |
00000nam a22000007a 4500 |
| 005 |
20210309212137.0 |
| 007 |
cr|||| |||| |
| 008 |
210309s2012 us |||||s|||| 00||0 eng d |
| 020 |
|
|
|a 978-1-118-41006-6
|
| 035 |
|
|
|a 32438
|
| 040 |
|
|
|a vLex
|
| 090 |
|
|
|c 11330
|d 11330
|
| 245 |
0 |
0 |
|a How to Invent and Protect Your Invention
|h [Recurso electrn̤ico] :
|b A Guide to Patents for Scientists and Engineers
|
| 256 |
|
|
|a Servicio en ln̕ea
|
| 260 |
|
|
|a Hoboken:
|b Wiley,
|c 2012
|
| 300 |
|
|
|a 1 recurso electrn̤ico
|
| 500 |
|
|
|a A straightforward guide to inventing, patenting, and technology commercialization for scientists and engineers Although chemists, physicists, biologists, polymer scientists, and engineers in industry are involved in potentially patentable work, they are often under-prepared for this all-important field. This book provides a clear, jargon-free, and comprehensive overview of the patenting process tailored specifically to the needs of scientists and engineers, including: Requirements for a patentable invention How to invent New laws created by President Obama's 2011 America Invents Act The process of applying for and obtaining a patent in the U.S. and in foreign countries Commercializing inventions and the importance of innovation Based on lecture notes refined over twenty-five years at The University of Akron, How to Invent and Protect Your Invention contains practical advice, colorful examples, and a wealth of personal experience from the authors.
|
| 506 |
1 |
|
|a Disponible solo en los productos indicados
|d vLex Global
|d vLex Global (Academic Edition, excluding Law Schools)
|d vLex Global (Academic Edition, Law Schools)
|
| 650 |
0 |
4 |
|a Propiedad Intelectual
|z Estados Unidos
|
| 740 |
0 |
|
|a vLex Libros (Servicio en ln̕ea)
|
| 856 |
4 |
0 |
|u http://vlex.com/source/how-to-invent-and-protect-your-invention-a-guide-to-patents-for-scientists-and-engineers-32438
|z Acceso restringido
|
| 942 |
|
|
|c BOOK
|
| 999 |
0 |
|
|a Intellectual property
|